[Event "CRO-ch 6th"]
[Site "Pula"]
[Date "1998.01.12"]
[Round "4"]
[White "Palac, Mladen"]
[Black "Sale, Srdjan"]
[Result "1-0"]
[WhiteElo "2545"]
[BlackElo "2415"]
[Annotator "Tsesarsky,I"]
[PlyCount "73"]
[EventDate "1998.01.09"]
[EventType "tourn"]
[EventRounds "13"]
[EventCountry "CRO"]
[EventCategory "9"]
[SourceTitle "CBM 064"]
[Source "ChessBase"]
[SourceDate "1998.06.02"]
[SourceVersion "1"]
[SourceVersionDate "1998.06.02"]
[SourceQuality "1"]

1. e4 c5 2. Nf3 Nc6 3. d4 cxd4 4. Nxd4 g6 5. c4 Bg7 6. Be3 Nf6 7. Nc3 Ng4 8.
Qxg4 Nxd4 9. Qd1 Ne6 10. Rc1 (10. Qd2 d6 11. Rc1 Bd7 12. Bd3 a5 13. O-O Nc5 14.
Bb1 Bc6 15. f4 O-O 16. e5 b6 17. exd6 Qxd6 18. Qxd6 exd6 19. Rfd1 $14 {
Polugaevsky,L-Kapengut,A/URS-ch/1971/}) 10... Qa5 (10... b6 11. Bd3 Bb7 12. O-O
O-O 13. Bb1 Rc8 14. b3 d6 15. Qd2 a5 16. Nd5 Nc5 17. Bg5 f6 18. Be3 $14 {
Huebner,R-Hernandez,R/Las Palmas/1976/}) 11. Bd3 (11. Be2 d6 12. O-O Bd7 13.
Nd5 Bxb2 14. Rb1 Bg7 15. Rxb7 $16 {Shamkovich,L-Waterman,S/Lone Pine/1975/})
11... b6 (11... d6 12. Bb1 (12. O-O Nc5 (12... Bd7 13. f4 Bc6 14. Bb1 O-O 15.
f5 Nc5 {[#]} 16. f6 Bxf6 17. Rxf6 exf6 18. b4 Qxb4 19. Qxd6 Na6 20. Qxf6 Rfe8
21. Bd4 Kf8 22. a3 Qa5 23. Rf1 Qc7 24. Qg7+ {1-0 Filipenko,A-Kliukin,B/Biel op
1993}) (12... O-O 13. Bb1 Bd7 14. f4 Nc5 15. Nd5 Qd8 16. e5 Bc6 17. Nc3 a5 18.
Rf2 Qb8 19. exd6 exd6 20. Bd4 Qd8 21. Bxg7 Kxg7 22. f5 Qg5 23. Qd4+ Kg8 24.
Rcf1 Rad8 25. Nd5 Bxd5 26. Qxd5 Qe3 27. fxg6 hxg6 28. Bxg6 Kg7 29. Bc2 f5 30.
Qf3 Qxf3 31. Rxf3 Rde8 32. Bxf5 Re2 33. R3f2 Rxf2 34. Rxf2 Re8 35. g4 Re1+ 36.
Kg2 Na4 37. h4 Ra1 38. g5 Rxa2 39. h5 Rxb2 40. h6+ Kh8 41. Rxb2 {1-0 Mednis,
E-Byrne,D/USA (ch) 1973}) 13. Bb1 O-O 14. Nd5 Qd8 15. Qe2 b6 16. Rfd1 a5 17. f4
e6 18. Nc3 $14 {1/2-1/2 Prie,E-Honfi,K/Paris op 1995 (66)}) 12... Bd7 13. O-O
g5 {The Black King remains in the center in this variation} 14. Bd2 $1 {
1-0 Korneev,O-Vokarev,S/RUS-ch Elista 1996 (38)} (14. Qd2 Rc8 15. b3 $14)) (
11... Bxc3+ 12. Rxc3 Qxa2 13. Qc1 Qa5 14. O-O $6 (14. c5 $5 $44) 14... b6 (
14... d6 $5) (14... Qc7 $6 15. c5 $1 O-O 16. f4 f5 (16... d6 17. cxd6 Qxd6 18.
f5 $36) 17. exf5 gxf5 18. Rf3 $1 $16 {1-0 Eingorn,V-Dorfman,J/URS-ch51 Lvov
1984 (25)}) 15. f4 Bb7 16. f5 Nc5 17. Bd4 O-O-O $14 {1-0 Yemelin,V-Ananchenko,
I/Komercni Banka, Pardubice CZE 1997 (44)}) 12. O-O (12. Bb1 Bb7 13. O-O Rc8
14. Qe2 Qb4 15. Nd1 Ba6 16. b3 b5 17. Bd2 Qd6 18. Ne3 O-O $132 {0-1 Forchert,
M-Oeljeklaus,G/NRW-II 1989 (43)}) 12... g5 13. a3 (13. Qd2 Qe5 (13... Bb7 14.
Bb1 Rc8 15. Rfd1 d6 16. Nd5 Qxd2 17. Rxd2 Be5 18. b4 Bf4 $11 {1/2-1/2 Horvath,
J-Gyorkos,L/Zalakaros op 1993 (20)}) 14. Rfd1 d6 15. b4 Bb7 16. c5 $5 (16. Nd5
$14) 16... bxc5 17. bxc5 dxc5 18. Bb5+ Kf8 19. Bc4 $1 $14 (19. Qd7 $6 Rb8 $132
{0-1 Neubauer,M-Martin del Campo,R/WchTJ U26 Paranana 1993 (26)})) (13. Bb1 Ba6
14. Nd5 Bxb2 15. Bd2 Qc5 16. Bb4 Qd4 17. Qa4 Bb7 (17... Bxc4 18. Rfd1 b5 $1 19.
Rxd4 bxa4 20. Rdxc4 Bxc1 21. Rxc1 $16) 18. Rcd1 Bxd5 (18... Bc6 19. Qc2 Qg7 20.
Nxe7 $16) 19. cxd5 (19. Rxd4 Bc6 20. Qc2 Bxd4 21. Rd1 $44 {0-1 Mohr,
G-Greenfeld,A/Vidmar-mem 1989 (45)}) 19... Nc5 20. Qb5 Qf6 21. Bxc5 bxc5 22.
Qxc5 $14) (13. Nd5 $1 Bb7 (13... Bxb2 $2 14. Rb1 (14. Bd2 $1 Qa6 (14... Qxa2
15. Qc2 Nd4 (15... Qa3 16. Bb4 $18) 16. Qb1 $16) 15. Rc2 Be5 16. Bb4 d6 17. c5
b5 18. cxd6 $16) 14... Be5 15. Rb5 Qxa2 16. Nxe7 Bxh2+ 17. Kxh2 Kxe7 18. Bxg5+
Nxg5 19. Rxg5 $40) 14. a4 $1 (14. b4 Qxa2 $132) 14... Bc6 $8 15. b3 (15. b4 $2
Qxa4 16. Qxa4 Bxa4 17. Bxg5 $2 Nxg5 18. Nc7+ Kd8 19. Nxa8 Bc6 $17) 15... h5 16.
Bd2 $1 $18 {1-0 Razuvaev,Y-Ermenkov,E/Polanica Zdrój 1972 (26)}) 13... Bb7 (
13... Qe5 14. b4 Bb7 15. Nd5 Rc8 16. g3 (16. Qa4 Qb8 17. Rfd1 $14) 16... Qd6
17. f4 gxf4 18. gxf4 Bd4 19. Qf3 Rg8+ 20. Kh1 Bxe3 21. Qxe3 f5 22. Rce1 {
1/2-1/2 Marin,M-Biriescu,I/ROM-ch Predeal 1988} (22. Qh3 $14)) 14. Re1 (14. Bd2
Qe5 15. b4 Rc8 16. Nd5 h5 17. Bc3 Qb8 18. Qd2 Rg8 19. Bxg7 Rxg7 20. Qb2 f6 21.
Rfe1 $14 {0-1 Ashlanian,L-Ankerst,M/EU-chTW Debrecen ARM-SLO 1992 (40)}) 14...
h5 15. Bd2 $1 $16 Qe5 (15... Bc6 16. Nd5 $16) 16. b4 Qb8 17. Nd5 Be5 18. h3 (
18. g3 $2 h4 $132) 18... Nf4 $6 (18... g4 $1 19. hxg4 hxg4 20. Qxg4 Bb2 21. Rb1
(21. Bc3 $2 Qh2+ 22. Kf1 Bxc1 $19) 21... Qh2+ 22. Kf1 Be5 (22... Nd4 $2 23. f4
$1 $18) (22... Bxa3 23. Bc3 $1 $16) 23. Be3 $16) (18... Bb2 $6 19. Rb1 Bg7 $16
(19... Bxa3 $2 20. Qa4 $18)) 19. Nxf4 gxf4 (19... Bxf4 20. e5 $1 Bxd2 21. Qxd2
g4 22. h4 $16 (22. hxg4 Rg8 23. g5 $16)) 20. c5 $1 Rh6 (20... Bd4 21. Qf3 (21.
Bb5 Qc7 (21... bxc5 22. Bc3 $1 $18) 22. Bc3 Bxc3 23. Rxc3 Rd8 24. Qd3 $16)
21... e5 22. Rc4 bxc5 23. bxc5 Bc6 24. Bxf4 $16) 21. Bb5 $6 (21. Qf3 $1 f6 (
21... Qc7 22. Red1 $16) 22. Red1 $16) 21... Bc6 (21... Qc7 22. cxb6 Qxb6 23.
Rc5 $1 (23. Bxd7+ Kxd7 24. Bxf4+ Rd6 25. Qa4+ Bc6 26. Rxc6 Qxc6 27. Qxc6+ Rxc6
28. Bxe5 Ke6 $132) 23... Qe6 24. Bxd7+ Qxd7 (24... Kxd7 25. Rxe5 Qxe5 26. Bxf4+
Rd6 27. Bxe5 Rxd1 28. Rxd1+ Ke6 29. Bb2 $18) 25. Rxe5 $18) 22. Be2 $6 (22. Bd3
$1 $16) (22. Bxc6 dxc6 23. Bc3 Bxc3 24. Rxc3 Qe5 25. Qc2 b5 (25... Rc8 26. Rd1
$16) 26. Rd3 Rg6 27. Red1 Qg5 28. f3 Qg3 29. Qd2 Kf8 30. Kh1 Kg7 31. Rd7 $14)
22... h4 $2 $18 (22... Bb2 $5 23. Rb1 Bd4 24. Bxh5 Qe5 25. Bg4 $16) (22... Bxe4
23. Bxh5 Bc6 (23... Bg6 24. Bf3 $18) 24. Qg4 Kf8 25. Qg5 Re6 26. Qf5 Bf6 27.
Bxf4 $18) 23. b5 (23. Bh5 $1 b5 (23... Rh8 24. b5 $1 Bb7 (24... Bxb5 25. Bxf7+
Kxf7 26. Qb3+ Ke8 27. Qxb5 f3 28. c6 Bh2+ 29. Kh1 fxg2+ 30. Kxg2 Rg8+ 31. Kh1
$18)) 24. Qg4 Rh8 25. Qf5 Rf8 26. Bc3 Bxc3 27. Rxc3 a5 28. Rf3 e5 29. Rd3 axb4
30. axb4 Ra4 31. Rd6 $18) 23... Bxe4 24. Bf3 (24. Bg4 $5 f5 25. Rxe4 $1 fxe4
26. Bxd7+ Kf8 (26... Kxd7 27. Bxf4+ Rd6 28. cxd6 $18) 27. Bc6 $1 (27. Qg4 bxc5
(27... e3 28. fxe3 bxc5 29. Be6 (29. Rxc5 Qd6 30. Bb4 Rd8 31. Rc6 (31. Rc8 Rxc8
32. Bxd6 Rc1+ 33. Kf2 fxe3+ 34. Ke2 Rxd6 35. Be6 Rc2+ $11) 31... Qxd7 32. Qxd7
Rxd7 33. Rxh6 fxe3 34. Kf1 Bg3 35. Ke2 Rd5 36. b6 axb6 37. Rxb6 Bf2 38. Rb7 $16
) (29. Bc6 Qd6 30. Bxa8 Qxd2 31. Qc8+ Kg7 32. Qxc5 Qxe3+ $14) 29... Rxe6 30.
Qxe6 Qd6 31. Qf5+ Bf6 32. Rc2 a6 33. bxa6 Rxa6 34. Ra2 fxe3 35. Bxe3 Qd1+ 36.
Kh2 (36. Kf2 Rd6 37. Bxc5 $14) 36... Qd6+ 37. Bf4 $16) 28. Be6 Rxe6 29. Qxe6
Qd6 30. Qf5+ Kg8 31. Qxe4 Rf8 (31... Rd8 32. Re1 Qxd2 33. Qxe5 $18) 32. Bc3
Bxc3 33. Rxc3 $16) 27... Rxc6 28. bxc6 bxc5 29. Rxc5 Qd6 30. Qc2 f3 31. gxf3
Qg6+ 32. Kf1 Qe6 33. Qxe4 Qxh3+ 34. Ke2 Bf6 35. Bh6+ $18) 24... Bxf3 (24... d5
25. Bxe4 dxe4 26. Rxe4 bxc5 27. Rxc5 Bd6 28. Rg5 Rh8 29. Qf3 $18) 25. Qxf3 f6 (
25... Re6 26. Rxe5 $1 Rxe5 27. Bxf4 $18) 26. c6 dxc6 (26... Bd6 27. c7 $18) 27.
Qxc6+ Kf7 28. Rxe5 $1 Qxe5 (28... fxe5 29. Qxh6) 29. Qxa8 Rg6 30. Re1 Qxb5 31.
Qxa7 Qd5 32. Qxe7+ Kg8 33. Qe8+ Kh7 34. Re7+ Rg7 35. Rxg7+ Kxg7 36. Qe7+ Kg6
37. Bxf4 1-0

[Event "Bad Woerishofen op 14th"]
[Site "Bad Woerishofen"]
[Date "1998.??.??"]
[Round "9"]
[White "Wojtkiewicz, Aleksander"]
[Black "Espig, Lutz"]
[Result "1-0"]
[WhiteElo "2535"]
[BlackElo "2405"]
[Annotator "Tsesarsky,I"]
[PlyCount "53"]
[EventDate "1998.03.06"]
[EventType "swiss"]
[EventRounds "9"]
[EventCountry "GER"]
[SourceTitle "CBM 063 Extra"]
[Source "ChessBase"]
[SourceDate "1998.04.29"]
[SourceVersion "1"]
[SourceVersionDate "1998.04.29"]
[SourceQuality "1"]

1. Nf3 c5 2. c4 g6 3. e4 Nc6 4. d4 cxd4 5. Nxd4 Bg7 6. Be3 Nf6 7. Nc3 Ng4 8.
Qxg4 Nxd4 9. Qd1 e5 10. Nb5 O-O 11. Nxd4 (11. Qd2 Qh4 12. Bd3 d5 13. cxd5 Nxb5
14. Bxb5 Qxe4 15. O-O Rd8 16. Rfd1 $16) (11. Bd3 d6 (11... Nxb5 12. cxb5 d5 13.
O-O (13. exd5 Qxd5 14. f3 Be6 15. O-O Rfd8 16. Be2 Qxd1 {1/2-1/2 Beck,D-Hempel,
M/OLO-B 1994}) (13. Bc5 Re8 14. b6 axb6 15. Ba3 dxe4 16. Bb5 Qxd1+ (16... Qg5
17. Bxe8 Qxg2 18. Qd8 $4 (18. Bxf7+ Kxf7 19. Qd5+ $14) 18... Qxh1+ 19. Kd2 e3+
20. fxe3 Qxh2+ {0-1 Koelle,A-Rogers,I/Melbourne tt 1981}) 17. Rxd1 Bg4 $17)
13... d4 14. Bd2 Be6 15. Qa4 Qd7 16. Rac1 a6 17. a3 Rfc8 18. Qa5 axb5 19. Qxb5
Qxb5 20. Bxb5 f5 21. Bd3 $11 {1/2-1/2 Bykhovsky,A-Afek,Y/Tel Aviv Czerniak
1996 (39)}) 12. O-O a6 13. Nxd4 exd4 14. Bf4 Be5 15. Bg3 b5 16. f4 Bg7 17. Rc1
Be6 18. b3 bxc4 19. Bxc4 Bxc4 20. Rxc4 d5 21. exd5 Qxd5 $11 {0-1 Marggraff,
B-Cmiel,T/Porz op 1993 (35)}) (11. Rc1 Qa5+ 12. Qd2 Qxa2 13. Nxd4 exd4 14. Bxd4
Re8 15. Bxg7 Rxe4+ 16. Be2 Kxg7 17. O-O Qa6 18. Bf3 Re5 19. c5 $44 {1/2-1/2
Kaiszauri,K-Espig,L/Vilnius 1978 (32)}) 11... exd4 12. Bxd4 Qa5+ 13. Ke2 Re8
14. f3 d5 15. Bxg7 (15. cxd5 Rxe4+ 16. fxe4 Bg4+ $19) 15... Rxe4+ 16. Kd3 (16.
Kf2 Qc5+ 17. Kg3 Qe3 18. h3 Qf4+ 19. Kf2 Kxg7 20. Qc1 (20. Qc1 {1/2-1/2
Aizenshtadt,I-Aronson,L/Soviet Union 1961}) 20... Qf6 21. cxd5 Rd4 22. Bc4 Qb6
23. Qc3 Kg8 24. Kf1 Bd7 $15 {0-1 Robatsch,K-Stanec,N/AUT-ch 1995 (40)}) 16...
Re8 $4 (16... Rxc4 $1 $11 {Very strange game: Black playes Re8 ?? - losing
move - instead of Rc4 - equal position.  Why Wojitkievicz plays white this
variation? Maybe he prepared something, but what?} 17. Ke3 $1 (17. Bd4 $4 Bf5+
18. Ke3 Re8+ 19. Kf2 Rc2+ 20. Kg3 Rd2 $19) (17. Bc3 $2 Bf5+ 18. Ke2 (18. Kd2
Rd4+ 19. Ke1 Rxd1+ $19 {0-1 Pariente Lopez,F-Nava Pereda,C/ESP-chT 1995 (27)})
(18. Ke3 Qb6+ 19. Kd2 Re8 20. Kc1 Qe3+ 21. Qd2 Qe1+ 22. Qxe1 (22. Qd1 Rxc3+ 23.
bxc3 Qxc3+ 24. Qc2 Qxc2#) 22... Rxe1+ 23. Kd2 Rxa1 24. Bxc4 Rxh1 25. Bxd5 Rxh2
$19) 18... Qc5 19. Qb3 (19. Qc1 d4 $19) 19... Re8+ 20. Kd1 Rd4+ 21. Bxd4 Qxd4+
22. Bd3 Re3 $19) 17... Qc5+ 18. Kd2 (18. Bd4 Qe7+ 19. Kf4 (19. Kf2 Qh4+ 20. g3
(20. Ke3 Bf5 $19) 20... Qxd4+ 21. Qxd4 Rxd4 22. Be2 Be6 $17) 19... Qh4+ 20. g4
(20. Ke3 Bf5 21. Bxc4 Re8+ $19) 20... Bxg4 21. fxg4 (21. Bxc4 Bf5+ 22. Ke3 Re8+
$19) 21... Qf2+ 22. Ke5 Re8+ 23. Kxd5 Rxd4+ $19) 18... Kxg7 19. Bxc4 dxc4 20.
Qc2 $1 (20. Qe1 $2 Qg5+ 21. Kc3 (21. Qe3 Qxg2+ 22. Kc3 Bf5 23. Rac1 b5 $17)
21... Qf6+ 22. Kc2 Bf5+ 23. Kc1 c3 $1 $19 {0-1 Brunner,L-Ekstroem,R/SWZ-GP
1990 (28)}) (20. Qg1 $2 Qb4+ 21. Kc1 c3 $19) (20. Kc3 $2 Qe3+ $19) (20. Ke1 $2
Bf5 21. Qe2 Rd8 $17) (20. Re1 $2 c3+ 21. bxc3 (21. Kc1 Bf5 22. Qb3 Rc8 23.
Qxc3+ (23. bxc3 Qd4 $19) 23... Qd4 $3 $19) 21... Bf5 $19) 20... Bf5 21. Qc3+
Kg8 22. Rad1 (22. Kc1 Rd8 23. Re1 (23. g4 Rd3 24. Qe1 Be6 $15) 23... Qf2 24. g4
Bd3 25. Qd2 Qxf3 $15) (22. Rae1 Qf2+ 23. Kc1 Qxg2 24. h4 b5 25. Reg1 $11) 22...
Qf2+ 23. Kc1 Qxg2 24. h4 b5 25. Rdg1 (25. h5 b4 26. Qd2 Qxf3 $19) (25. Rhg1 Qh2
26. Qd2 Qxh4 27. Rh1 Qf6 28. Qh6 (28. Qd4 Qxd4 29. Rxd4 h5 $17) 28... Qg7 $17)
25... Qe2 26. Re1 (26. h5 b4 27. Qd2 Qxf3 28. hxg6 fxg6 (28... Bxg6 29. Qh6 Qd5
30. Qxh7+ Kf8 31. Qh8+ Ke7 32. Qh4+ $18) 29. Qh6 Qb7 $19) 26... Qg2 $11) (16...
Rf4 $4 17. Ke3 (17. Bc3 $18) 17... d4+ 18. Bxd4 Qg5 19. Kf2 $18 {1-0
Przewoznik,J-Maciejewski,M/Miedzybrodzie 1991 (22)}) 17. Bc3 $18 dxc4+ 18. Kc2
Bf5+ 19. Kc1 Qc5 20. b4 $2 $146 (20. Qd2 $142 Rad8 21. Qh6 $8 f6 22. Qf4 $1 (
22. g4 Bd3 23. Bxd3 (23. Bxf6 Rd7 24. Bc3 Qf2 25. Bxd3 cxd3 26. Qd2 Re2 27. Qd1
d2+ 28. Kc2 Re1 29. Qxd2 Rxd2+ 30. Bxd2 Qc5+ 31. Bc3 Re2+ $19) 23... cxd3 24.
Kb1 Qf2 25. Qd2 Qxf3 26. Qd1 Re2 27. Rf1 Qxg4 28. Qb3+ Qe6 29. Qxe6+ Rxe6 30.
Kc1 Re2 $17) 22... b5 23. g4 Re3 (23... b4 24. Qxc4+ Rd5 25. gxf5 (25. Qxc5
Rxc5 26. gxf5 Re1+ 27. Kd2 Rxa1 28. Bxf6 Kf7 29. Bh8 Kg8 30. Bd4 Rcc1 31. Bc4+
Rxc4 32. Rxa1 Rxd4+ 33. Ke3 Rh4 34. fxg6 Rxh2 35. gxh7+ Kxh7 36. Rb1 Kg6 37.
Kd4 Kf5 38. Kc5 $16) 25... bxc3 26. Qxc5 Rxc5 27. bxc3 Rxc3+ 28. Kd2 Rxf3 29.
fxg6 $18) 24. gxf5 Rxc3+ 25. bxc3 g5 26. Bxc4+ bxc4 27. Qe4 $18 {1-0 Novikov,
I-Hauchard,A/Cappelle op 1995 (39)}) 20... cxb3 $14 21. Qd4 (21. Qxb3 $4 Rac8
22. Kb2 Qf2+ 23. Ka3 Rxc3 $19) 21... Qxd4 (21... Re1+ $142 22. Kb2 Qxd4 23.
Bxd4 Rxa1 24. Kxa1 Rd8 25. Bxa7 (25. Bf6 Rd1+ 26. Kb2 bxa2 27. Kxa2 Bd3 28.
Bxd3 Rxh1 $17) 25... Ra8 26. Bc4 Rxa7 27. Bxb3 h5 28. Rd1 $14) 22. Bxd4 Rac8+
$2 (22... Re1+ 23. Kb2 Rxa1 24. Kxa1 Rd8 $14) 23. Kb2 Rc2+ $2 (23... bxa2 $16
24. Bb5 $1 (24. Rxa2 Red8 25. Be5 Rc2+ 26. Kb3 Rxa2 27. Kxa2 Rd1 28. g4 Bd3 29.
Bxd3 (29. Bg2 Rd2+ $17) 29... Rxh1 30. Be4 b6 $11) (24. Kxa2 $16) 24... Red8 (
24... Rc2+ 25. Ka3 Rd8 26. Rhd1 Rxg2 $14 (26... Be6 27. Bf6 Rd5 28. Rxd5 Bxd5
29. Rd1 Rc5 30. Bc4 $3 Rxc4 31. Rxd5 Rc8 32. Rd7 Rb8 33. Kxa2 $18)) 25. Rhd1
Rc2+ 26. Ka3 Rxg2 27. Rxa2 Rxa2+ 28. Kxa2 h5 $14) 24. Kxb3 Rd2 25. Bc3 Rd6 26.
Bb5 Rb6 27. a4 1-0

[Event "Ciocaltea Memorial"]
[Site "Bucharest"]
[Date "1998.??.??"]
[Round "1"]
[White "Ionescu, Constantin"]
[Black "Aronian, Levon"]
[Result "1/2-1/2"]
[WhiteElo "2495"]
[BlackElo "2455"]
[Annotator "Tsesarsky,I"]
[PlyCount "74"]
[EventDate "1998.02.??"]
[EventType "tourn"]
[EventRounds "13"]
[EventCountry "ROU"]
[EventCategory "11"]
[SourceTitle "CBM 064"]
[Source "ChessBase"]
[SourceDate "1998.06.02"]
[SourceVersion "1"]
[SourceVersionDate "1998.06.02"]
[SourceQuality "1"]

1. Nf3 Nf6 2. c4 g6 3. Nc3 Bg7 4. e4 c5 5. d4 cxd4 6. Nxd4 Nc6 7. Be3 Ng4 8.
Qxg4 Nxd4 9. Qd1 Ne6 10. Qd2 Qa5 11. Rc1 b6 12. Be2 Bb7 13. f3 g5 (13... h5 14.
O-O g5 15. a3 Qe5 16. Rfd1 d6 17. Bf1 h4 18. b4 Kf8 19. Qf2 Rc8 20. Nb5 $16 {
1-0 Arnason-Pares Vives/Murcia rc/SW,25,5 1990 (25)}) 14. O-O h5 15. Rfd1 $14
Rd8 (15... Bc6 16. a3 Qe5 (16... d6 17. Qc2 (17. Nd5 Qxd2 18. Rxd2 h4 19. b4
Be5 20. c5 dxc5 21. bxc5 bxc5 22. Bxc5 Bxd5 23. Rxd5 Bf4 24. Rc3 Nxc5 25. Rdxc5
Kf8 {1/2-1/2 Petit,R-Beck,T/Genf op sp 1996 (29)}) 17... Qe5 18. Rd5 $1 Bxd5 (
18... Qf6 $1 $14) 19. cxd5 Nd4 (19... Nf4 20. g3 Nh3+ 21. Kg2 g4 22. Qa4+ Kf8
23. f4 Qf6 24. Bxb6 $16) 20. Qa4+ Kf8 21. Bf1 $1 (21. Qd7 $2 Bf6 22. Bd1 Kg7
23. g3 Rhd8 $15 (23... Nxf3+ $2 24. Bxf3 $16 {1-0 Mate,G-Monus,Z/
Hajduboszormeny op 1995 (30)})) 21... Qf6 22. Rd1 $16) 17. b4 d6 18. Nd5 h4 19.
Bd3 $14 (19. Qc3 $6 Rc8 20. Qxe5 Bxe5 $11 {0-1 Backstrom,M-Sjodahl,P/Rilton
Cup 1990 (58)})) (15... d6 16. Nd5 Qxd2 17. Rxd2 Rc8 18. b4 Be5 19. a4 (19. Bd1
Rg8 20. Ba4+ Kf8 21. Bb3 Rg6 {1/2-1/2 Ionov,S-Savon,V/RUS-chT Podolsk 1992})
19... h4 20. Bf1 f6 21. Ra2 Bd4 22. Kf2 Kf7 23. a5 Bxd5 24. exd5 Bxe3+ 25. Kxe3
Nf4 $14 {1/2-1/2 Karpov,A-Larsen,B/Brussels SWIFT 1987 (47)}) 16. Nb5 (16. b3
$14) (16. c5 $6 Nxc5 (16... bxc5 17. Bc4 (17. Bxg5 Nxg5 18. Qxg5 Bh6 $17) 17...
g4 18. f4 d6 (18... Bxc3 19. Rxc3 Bxe4 20. Bxe6 fxe6 (20... dxe6 21. Qxd8+ Qxd8
22. Rxd8+ Kxd8 23. Ra3 $11) 21. Rxc5 Qxd2 22. Rxd2 $44) 19. Qd3 $44) 17. Bxg5
$14) 16... Qxd2 (16... Qxa2 17. Nd4 $1 (17. Ra1 Qxb2 18. Qxb2 Bxb2 19. Rxa7 Bc6
20. Bxb6 Rb8 21. Nc7+ Nxc7 22. Bxc7 Ra8 $11) 17... Qa5 (17... Nxd4 18. Bxd4
Bxd4+ 19. Qxd4 f6 20. Ra1 Qb3 21. Rxa7 Bc6 22. Qd2 $16) 18. Nxe6 fxe6 19. b4 (
19. Qxa5 bxa5 20. Ra1 $14) 19... Qe5 20. Bxg5 $16) 17. Rxd2 Ra8 18. Nd4 $5 (18.
c5 $5 a6 (18... bxc5 19. Bc4 Bc6 20. Bxe6 Bxb5 21. Rxc5 dxe6 22. Rxb5 $16) (
18... Bc6 19. cxb6 axb6 20. Bc4 $14) 19. Nd4 Nxc5 20. b4 Ne6 21. Nxe6 fxe6 22.
b5 $1 $14 (22. Bxb6 $14)) 18... Nxd4 19. Bxd4 Bxd4+ 20. Rxd4 d6 21. b4 O-O 22.
c5 $6 (22. e5 $5 dxe5 (22... Rfe8 23. exd6 exd6 24. Kf2 $14) 23. Rd7 Bc6 24.
Rxe7 Rfe8 25. Rxe8+ Rxe8 26. c5 $14) 22... Rfc8 $1 $11 23. Rdd1 bxc5 24. bxc5
Rxc5 25. Rxc5 dxc5 26. Rd7 Bc8 27. Rd5 (27. Rxe7 Be6 28. Rc7 Rc8 29. Rxa7 c4
30. Bd1 Rd8 $44) 27... f6 28. Rd8+ $11 (28. Rxc5 Be6 29. Ra5 h4 30. Kf2 Kf7 31.
Ke3 Bd7 32. Bc4+ e6 33. Kd4 Ke7 34. e5 f5 35. g3 Bc8 36. Rc5 Bd7 37. Rc7 a5 38.
f4 hxg3 39. hxg3 gxf4 40. gxf4 Rb8 41. Kc5 (41. a4 Ke8 42. Kc5 Bxa4 43. Bxe6
Rb5+ 44. Kd4 Rb4+ 45. Rc4 Rxc4+ 46. Kxc4 Bc2 47. Kb5 Ke7 48. Bc4 a4 49. Kb4 Bd1
50. Bb5 Bc2 51. Bxa4 Bd3 52. Kc3 Ba6 53. Kd4 Bc8 (53... Be2 54. Ke3 Ba6 55. Kf2
Kf7 56. Bb3+ Kg6 57. Ke3 Kg7 58. Kd4 Kf8 59. Be6 $18) 54. Ke3 Kf8 55. Kd4 (55.
Kf2 Kg7 56. Kg3 Kh6 57. Kh4) 55... Ke7 56. Kc5 Be6 57. Bb5 Bc8 58. Kb6 Be6 59.
Kc7 (59. Bd3 Bd7 $11) 59... Bd5 60. Bc6 Be6 61. Bb7 Bc4 (61... Bd7 62. Bc8 $18)
62. Bc8 Bd3 63. Kc6 Be4+ 64. Kc5 Bd3 65. Kd4 Be4 66. Ke3 Kf7 67. Kf2 Bc2 68.
Kg3 Kg6 69. Kh4 Bb3 (69... Kh6 70. Bd7 Kg6 71. Be8+ Kh6 72. e6 Kg7 73. Kg5 $18)
70. Bd7 Bd5 71. Be8+ Kh6 72. Kg3 Kg7 73. Bd7 Kg6 (73... Be4 74. Kh4 $18) 74.
Kf2 Be4 75. Be6 Kg7 76. Ke3 Kf8 77. Kd4 Ke7 78. Bd5 Bc2 79. Bc4 Ba4 (79... Bd1
80. Bd3 Bg4 81. Ke3 $18) 80. Kd5 Bd7 81. Ba6 $11) 41... a4 42. Ra7 Rb2 43. a3
Rc2 $11) 28... Kg7 29. Bc4 Rb8 30. Rg8+ Kh6 31. Rh8+ Kg7 32. Rg8+ Kh6 33. Bb3
a5 34. Rh8+ Kg6 35. Rg8+ Kh6 36. Rh8+ Kg6 37. Rg8+ Kh6 1/2-1/2

[Event "Europe-Americas"]
[Site "Mermaid Beach"]
[Date "1998.01.28"]
[Round "3"]
[White "Shabalov, Alexander"]
[Black "Baburin, Alexander"]
[Result "1-0"]
[WhiteElo "2615"]
[BlackElo "2600"]
[Annotator "Tsesarsky,I"]
[PlyCount "63"]
[EventDate "1998.01.26"]
[EventType "schev"]
[EventRounds "10"]
[EventCountry "BER"]
[SourceTitle "CBM 062 Extra"]
[Source "ChessBase"]
[SourceDate "1998.03.09"]
[SourceVersion "1"]
[SourceVersionDate "1998.03.09"]
[SourceQuality "1"]

{[%mdl 10336]} 1. e4 c5 2. Nf3 g6 3. d4 cxd4 4. Nxd4 Bg7 5. c4 Nc6 6. Be3 Nf6
7. Nc3 Ng4 8. Qxg4 Nxd4 9. Qd1 e5 10. Bd3 O-O 11. O-O d6 12. a4 a6 (12... Be6
13. Nb5 a6 14. Nxd4 exd4 15. Bd2 Rc8 16. b3 (16. Qb3 Qd7 17. a5 Rc5 18. Qa4 $11
{1-0 King,D-Rogers,I/BL 1996 (42)}) 16... f5 17. exf5 Bxf5 18. Qf3 (18. Bb4 Be5
19. Ra2 Qg5 20. g3 Bd7 21. Be4 Bc6 22. Bd2 Qd8 23. Re1 $14 {1-0 Horvath,
J-Kallai,G/Magyar Bajnoksag 1995 (36)}) 18... d5 (18... Qd7 19. Rfe1 Rf7 20.
Bxf5 Rxf5 21. Qd3 Rcf8 22. Re2 $16 {1-0 Spraggett,K-Garcia,I/Candas op 1992 
(40)}) 19. Rac1 Qd7 20. cxd5 Bxd3 21. Qxd3 Qxd5 22. Rxc8 Rxc8 23. Re1 Qf5 24.
Re4 $11 {1-0 Smyslov,V-Fabiano,G/Roma op 1990 (45)}) (12... b6 13. Nb5 a6 14.
Nxd4 exd4 15. Bd2 Bb7 16. a5 bxa5 17. Rxa5 Re8 18. Re1 Rc8 19. b4 Re5 20. Rxe5
dxe5 $11 (20... Bxe5 21. Qb3 $14 {0-1 Wirthensohn,H-Steiger,W/OLBaden 1992 (36)
})) (12... Nc6 13. Nd5 Be6 14. Qd2 Nd4 15. Ra3 $14 {1/2-1/2 Vera,R-Matamoros
Franco,C/Capablanca Premier 1997 (43)}) 13. a5 Be6 14. Qa4 (14. Nd5 Rc8 (14...
Bxd5 15. exd5 $14 {Hebert,J}) 15. Nb6 Rc7 16. Bxd4 exd4 17. f4 f6 (17... f5 18.
exf5 Bxf5 19. Nd5 $14) 18. Qf3 $14 {1-0 Hebert,J-Sermek,D/Cannes op 1995 (50)})
14... Rc8 15. Nd5 Bxd5 (15... f5 16. Bxd4 exd4 17. exf5 Bxf5 18. Qb3 $14) 16.
cxd5 $14 (16. exd5 Qh4 $132) 16... Rc5 (16... f5 17. Bxd4 exd4 18. exf5 gxf5
$14) 17. Rfc1 Qe7 (17... f5 18. Rxc5 dxc5 19. f3 $14 (19. exf5 gxf5 20. Rc1 Qd6
$132)) 18. Rxc5 dxc5 19. Rc1 Rd8 20. Qc4 Bf8 21. f4 $1 (21. f3 $14) 21... Qf6 (
21... exf4 22. Bxf4 Bg7 23. Kh1 (23. Qxc5 $2 Qxc5 24. Rxc5 Ne2+ 25. Bxe2 Bd4+
26. Kf1 Bxc5 $17) 23... Qh4 24. Rf1 Qe7 25. d6 $16) 22. b4 (22. Rf1 $16) (22.
fxe5 Qxe5 23. Rf1 Nf5 24. Bf4 Qd4+ 25. Qxd4 Nxd4 26. Bc4 $14) 22... exf4 (22...
Bh6 23. Rf1 (23. bxc5 Bxf4 24. Bxf4 Qxf4 25. Rd1 Qe3+ 26. Kh1 h5 27. Qc3 $14)
23... cxb4 (23... exf4 24. bxc5 Nb5 25. g3 $16 (25. Qb4 Qe5 26. Bd2 $16)) 24.
Qxb4 $16) 23. Rf1 b5 (23... Qe7 24. Bxf4 Nb5 25. bxc5 Qxc5+ 26. Qxc5 Bxc5+ 27.
Kh1 Nc3 28. Rc1 Bb4 29. Bc7 (29. Be5 Nxd5 30. exd5 Rxd5 31. Bc3 $1 Bxc3 (31...
Rc5 32. Bd2 Rxc1+ 33. Bxc1 Bxa5 34. Be4 $18) 32. Rxc3 Rxa5 33. Kg1 $16) 29...
Rd7 30. d6 Na2 31. Rf1 Bxd6 32. Bxd6 Rxd6 33. Bc4 Nc3 34. e5 Rd2 35. Rxf7 Nd5
36. Rf1 Rd4 37. Bb3 Kg7 38. e6 Nf6 $132) 24. axb6 Qxb6 25. Bxf4 $2 (25. Rxf4 $1
Bh6 26. bxc5 $1 Qb8 27. d6 (27. e5 Qxe5 28. Qxd4 Qxd4 29. Bxd4 Bxf4 30. Bc4 a5
31. d6 Bxd6 32. cxd6 Rxd6 $17) (27. Qxd4 Bxf4 28. Bxf4 Qxf4 29. Bxa6 Re8 30.
Bd3 Qc1+ 31. Bf1 Qf4 32. c6 (32. d6 $1 Qc1 (32... Rxe4 33. Qf2 Qxf2+ 34. Kxf2
Rf4+ (34... Rd4 35. Ke3 Rd5 36. Bc4 $18) 35. Ke3 $18) 33. e5 Rc8 34. d7 Rd8 35.
g3 h5 36. Qd5 g5 37. c6 Kg7 38. Kf2 Qb2+ 39. Be2 Qb6+ 40. Kg2 $18) 32... Rxe4
33. Qc3 Re7 $11) 27... Bxf4 28. Bxf4 Qb2 29. h3 (29. c6 Nxc6 $19) 29... Ne6 30.
Bg3 Qa1+ 31. Kh2 Qa3 32. c6 Rxd6 33. Bxd6 Qxd6+ 34. g3 $14) 25... Qxb4 26. Qxa6
Nb3 $4 $18 (26... Bg7 $1 27. e5 Nf5 28. e6 Qd4+ 29. Kh1 Qxd5 30. exf7+ Kh8 (
30... Qxf7 31. Bc4 $18) 31. Bc4 Qd7 32. Bg5 Rf8 33. Be6 Qc7 34. Bxf5 gxf5 35.
Rxf5 Qd7 36. Qf1 c4 37. Rf3 (37. Bc1 c3 38. Ba3 c2 39. Rf4 Qd1 40. Qg1 Rb8 41.
Re4 (41. Rc4 h6 $19) 41... Rb1 42. Re8+ Bf8 $19) 37... c3 38. Rxc3 Rxf7 39.
Rc8+ Qxc8 40. Qxf7 h6 $16) 27. Be5 $1 Be7 $8 28. Qa7 (28. Bc7 $2 Rf8 29. d6 Bg5
$132) 28... c4 (28... Kf8 29. d6 $18) 29. d6 Re8 (29... cxd3 30. Qxe7 $18) 30.
Qd7 Qb6+ 31. Kh1 Qd8 32. Bxc4 1-0